000 00726nam a2200205 i 4500
001 148037
003 ES-MaACL
005 20250902081815.0
007 t|
008 070214s1952 sp |||| | spa d
100 1 _aSpriegel, William R.
_9107800
245 1 0 _aFundamentos de organización de empresas /
_cWilliam R. Spriegel ; en colaboración con Ernest Coulter Davies ; versión de la segunda edición americana y notas de Jorge Serra Murtra.
260 _aBarcelona :
_bLabor,
_c1952.
300 _aXV, 588 p. :
_bil. ;
_c24 cm.
650 7 _aNegocios
_2embne
_915511
700 1 _aCoulter Davies, Ernest.
_941245
700 1 _aSerra Murtra, Jorge.
_9105646
852 _aES-MaACL
_jD-8010
999 _c148037
_d148037